[Event "7. LGA Premium Cup"]
[Site "Nürnberg"]
[Date "2010.09.05"]
[Round "6.68"]
[White "Hirschmann, Jakob"]
[Black "Seidel, Michael"]
[Result "0-1"]
[WhiteElo "1805"]
[BlackElo "2058"]
[PlyCount "46"]
[EventDate "2010.09.02"]
[WhiteTeam "SG Reil-Kinheim"]
[BlackTeam "PTSV SK Hof 1892"]

1. e4 d6 2. d4 Nf6 3. Nc3 g6 4. Bc4 Bg7 5. Nge2 O-O 6. O-O Nxe4 7. Nxe4 d5 8.
Bd3 dxe4 9. Bxe4 c6 10. c3 Nd7 11. Bf4 Nf6 12. Bd3 Qb6 13. Qd2 Re8 14. Rab1 c5
15. Bh6 Bh8 16. h3 cxd4 17. Nxd4 e5 18. Nb3 Be6 19. Qc2 Nd5 20. Nd2 Rac8 21.
Nc4 Qd8 22. Ne3 Nb4 23. Qe2 Qxd3 0-1

[Event "7. LGA Premium Cup"]
[Site "Nürnberg"]
[Date "2010.09.05"]
[Round "6.69"]
[White "Schulz, Anja"]
[Black "Balhar, Michael"]
[Result "1-0"]
[WhiteElo "2052"]
[BlackElo "1812"]
[PlyCount "31"]
[EventDate "2010.09.02"]
[WhiteTeam "Muldental Wilkau-Haßlau"]
[BlackTeam "SC Erlangen 48/88"]

1. e4 e6 2. d4 d5 3. Nc3 Nf6 4. e5 Nfd7 5. Nf3 c5 6. dxc5 Bxc5 7. Bf4 Nc6 8.
Bd3 a6 9. O-O O-O 10. Bxh7+ Kxh7 11. Ng5+ Kg6 12. Qd3+ f5 13. Nxe6 Qe7 14.
Nxf8+ Qxf8 15. Nxd5 Ndxe5 16. Qg3+ 1-0

[Event "7. LGA Premium Cup"]
[Site "Nürnberg"]
[Date "2010.09.05"]
[Round "6.70"]
[White "Rausch, Wolfgang"]
[Black "Zikeli, Saskia"]
[Result "0-1"]
[WhiteElo "1794"]
[BlackElo "2050"]
[PlyCount "40"]
[EventDate "2010.09.02"]
[WhiteTeam "VSG 1880 Offenbach"]
[BlackTeam "SC Ingersheim e.V."]

1. c4 Nf6 2. Nc3 g6 3. e4 d6 4. d4 Bg7 5. Be2 O-O 6. Nf3 e5 7. h3 Nc6 8. O-O
exd4 9. Nxd4 Nxe4 10. Nxc6 Nxc3 11. Nxd8 Nxd1 12. Nxb7 Nxf2 13. Rxf2 Bxb7 14.
Rf1 Rab8 15. Bd3 Ba6 16. Rb1 d5 17. Be3 Rxb2 18. Rxb2 Bxb2 19. Rf2 Be5 20. Rc2
d4 0-1

[Event "7. LGA Premium Cup"]
[Site "Nürnberg"]
[Date "2010.09.05"]
[Round "6.71"]
[White "Frey, Alisa"]
[Black "Wettermann, Bernd"]
[Result "1-0"]
[WhiteElo "2045"]
[BlackElo "1768"]
[PlyCount "54"]
[EventDate "2010.09.02"]
[WhiteTeam "SC Eppingen"]
[BlackTeam "FC Konradsreuth"]

1. e4 e5 2. Nf3 Nc6 3. Bb5 Bc5 4. O-O Nge7 5. c3 Bb6 6. d4 exd4 7. cxd4 d5 8.
exd5 Nxd5 9. Re1+ Be6 10. Ng5 Qd7 11. Nc3 O-O-O 12. Nxe6 fxe6 13. Na4 a6 14.
Nxb6+ Nxb6 15. Bxc6 Qxc6 16. Bg5 Rde8 17. Rc1 Qd7 18. Bf4 Nd5 19. Bg3 g5 20.
Re5 c6 21. Rxg5 Ne7 22. Qe2 Nf5 23. Bf4 Qxd4 24. Be5 Qb4 25. Rg4 Qf8 26. Rxc6+
bxc6 27. Qxa6+ Kd8 1-0

[Event "7. LGA Premium Cup"]
[Site "Nürnberg"]
[Date "2010.09.05"]
[Round "6.72"]
[White "Siegl, Pascal"]
[Black "Zwingel, Stephan"]
[Result "0-1"]
[WhiteElo "1643"]
[BlackElo "2036"]
[PlyCount "68"]
[EventDate "2010.09.02"]
[WhiteTeam "SW Nürnberg Süd e.V."]
[BlackTeam "SK Zirndorf e.V."]

1. e4 c5 2. f4 d5 3. Bb5+ Bd7 4. Bxd7+ Qxd7 5. exd5 Qxd5 6. Qf3 Nf6 7. Nc3 Qxf3
8. Nxf3 Nc6 9. Nb5 Rc8 10. c3 e6 11. O-O Be7 12. d4 a6 13. Na3 cxd4 14. Nxd4
Nxd4 15. cxd4 O-O 16. f5 exf5 17. b3 Rfd8 18. Rd1 Rxc1 19. Raxc1 Bxa3 20. Rc7
b6 21. Rc6 Nd5 22. Kf2 g6 23. Kf3 h5 24. h4 Re8 25. g3 a5 26. Kf2 Re4 27. Rd2
f4 28. Rc8+ Kg7 29. Rd8 fxg3+ 30. Kxg3 Bc1 31. Rd1 Bf4+ 32. Kh3 Re2 33. Rh1 Ne3
34. Re8 Rf2 0-1

[Event "7. LGA Premium Cup"]
[Site "Nürnberg"]
[Date "2010.09.05"]
[Round "6.73"]
[White "Millikan, Erlend"]
[Black "Forster, Stephan"]
[Result "0-1"]
[WhiteElo "1754"]
[BlackElo "1521"]
[PlyCount "34"]
[EventDate "2010.09.02"]
[WhiteTeam "USA"]
[BlackTeam "SG Siemens Amberg"]

1. d4 d5 2. e3 e6 3. Bd3 f5 4. c4 c6 5. b3 Bb4+ 6. Bd2 Bxd2+ 7. Nxd2 Nf6 8.
Ngf3 O-O 9. O-O Ne4 10. b4 Nd7 11. c5 g5 12. h3 Kh8 13. Nh2 Nxd2 14. Qxd2 e5
15. dxe5 Nxe5 16. Qc3 Qf6 17. f4 Nf3+ 0-1

[Event "7. LGA Premium Cup"]
[Site "Nürnberg"]
[Date "2010.09.05"]
[Round "6.74"]
[White "Madlo-Thiess, Franziska"]
[Black "Bauer, Manfred"]
[Result "0-1"]
[WhiteElo "1906"]
[BlackElo "2148"]
[PlyCount "24"]
[EventDate "2010.09.02"]
[WhiteTeam "SC Erlangen 48/88"]
[BlackTeam "SK Schmiden/Cannstatt"]

1. f4 c5 2. e3 Nc6 3. b3 d5 4. Nf3 Nf6 5. Be2 g6 6. Bb2 Bg7 7. O-O O-O 8. h3 d4
9. exd4 cxd4 10. Bb5 Nh5 11. Bxc6 bxc6 12. Ng5 e5 0-1

[Event "7. LGA Premium Cup"]
[Site "Nürnberg"]
[Date "2010.09.05"]
[Round "6.75"]
[White "Neumann, Robert"]
[Black "Wiesgickl, Gerhard"]
[Result "1/2-1/2"]
[WhiteElo "1882"]
[BlackElo "2076"]
[PlyCount "36"]
[EventDate "2010.09.02"]
[WhiteTeam "SC Noris-Tarrasch Nürnberg 1873"]
[BlackTeam "SG Siemens Amberg"]

1. c4 e5 2. g3 Nc6 3. Bg2 Nf6 4. Nc3 Be7 5. Nf3 O-O 6. d4 exd4 7. Nxd4 Ne5 8.
b3 d6 9. O-O Rb8 10. Bb2 Bg4 11. Rc1 Qd7 12. Re1 h5 13. Qd2 h4 14. Nd5 Bd8 15.
Nf4 hxg3 16. hxg3 Ng6 17. Nxg6 fxg6 18. Qd3 Bf5 1/2-1/2

[Event "7. LGA Premium Cup"]
[Site "Nürnberg"]
[Date "2010.09.05"]
[Round "6.76"]
[White "Wörl, Richard"]
[Black "Mehringer, Jörg"]
[Result "1/2-1/2"]
[WhiteElo "2042"]
[BlackElo "1904"]
[PlyCount "109"]
[EventDate "2010.09.02"]
[WhiteTeam "SW Nürnberg Süd e.V."]
[BlackTeam "SC Weisse Dame e.V."]

1. e4 e5 2. Nf3 Nc6 3. d4 exd4 4. Nxd4 Bc5 5. Nxc6 bxc6 6. Bd3 d6 7. O-O h6 8.
Nc3 Nf6 9. Na4 Bb6 10. Nxb6 axb6 11. Qe2 O-O 12. Bd2 Bg4 13. f3 Be6 14. a3 Nd7
15. Qf2 f5 16. Qg3 Kh8 17. Bc3 Qe7 18. Qg6 Ne5 19. Bxe5 dxe5 20. exf5 Rf6 21.
Qh5 Bc4 22. Bxc4 Qc5+ 23. Rf2 Qxc4 24. Rd1 Raf8 25. g4 Rd6 26. Re1 Qf4 27. Kg2
Rd2 28. Ree2 Rxe2 29. Rxe2 Rd8 30. Qh4 Rd1 31. Qf2 Rb1 32. Qe3 Rxb2 33. Qxf4
exf4 34. Kh3 Ra2 35. g5 hxg5 36. Kg4 Rxa3 37. Re8+ Kh7 38. Re7 Kg8 39. Kh5 Rxf3
40. Kg6 Re3 41. Rxc7 Kf8 42. Rxc6 f3 43. f6 gxf6 44. Rxf6+ Ke7 45. Rf5 g4 46.
Kg5 Ke6 47. Rf8 Re4 48. Rf6+ Ke5 49. Rxb6 Kd4 50. c4 Kxc4 51. Rf6 Kd3 52. Kh4
Ke2 53. Kg3 Kf1 54. h4 gxh3 55. Rxf3+ 1/2-1/2

[Event "7. LGA Premium Cup"]
[Site "Nürnberg"]
[Date "2010.09.05"]
[Round "6.77"]
[White "Werner, Thomas"]
[Black "Grasser, Stefan"]
[Result "1-0"]
[WhiteElo "2004"]
[BlackElo "1800"]
[PlyCount "59"]
[EventDate "2010.09.02"]
[WhiteTeam "SW Nürnberg Süd e.V."]
[BlackTeam "SV Hellern"]

1. d4 d6 2. Nf3 Nf6 3. c4 c6 4. Nc3 Qc7 5. e4 e5 6. d5 Bg4 7. Be2 Nbd7 8. O-O
a5 9. Ne1 Bxe2 10. Qxe2 Be7 11. Nd3 Nb6 12. b3 O-O-O 13. dxc6 bxc6 14. Be3 Nfd7
15. Rfc1 h5 16. Rab1 Nc5 17. b4 Nxd3 18. Qxd3 axb4 19. Rxb4 c5 20. Nd5 Nxd5 21.
cxd5 Qa5 22. Bd2 Qa7 23. Rb5 Rd7 24. Ra5 Qb8 25. Rb1 Rb7 26. Qa6 Bd8 27. Rab5
Qa7 28. Qxb7+ Qxb7 29. Rxb7 Bc7 30. Ba5 1-0

[Event "7. LGA Premium Cup"]
[Site "Nürnberg"]
[Date "2010.09.05"]
[Round "6.78"]
[White "Nöckler, Alexander"]
[Black "Matuschek, Thomas"]
[Result "1-0"]
[WhiteElo "2003"]
[BlackElo "1763"]
[PlyCount "77"]
[EventDate "2010.09.02"]
[WhiteTeam "Schachklub Weiden 1907"]
[BlackTeam "SG Siemens Amberg"]

1. c4 Nf6 2. Nc3 e6 3. e4 d6 4. d4 c5 5. Nf3 Be7 6. g3 O-O 7. Bg2 cxd4 8. Nxd4
Nc6 9. O-O Nxd4 10. Qxd4 a6 11. h3 Qc7 12. Be3 Bd7 13. b3 Rac8 14. Rac1 Bc6 15.
Rfd1 Rfd8 16. Qd2 Rd7 17. Nd5 exd5 18. cxd5 Qb8 19. dxc6 Rxc6 20. Rxc6 bxc6 21.
Qc2 c5 22. f3 Nh5 23. g4 Nf6 24. Bf1 Qa8 25. g5 Ne8 26. Bc4 Rd8 27. Bd5 Qc8 28.
Kh2 Nc7 29. Bc4 Ne6 30. h4 Nc7 31. Rg1 Kf8 32. Qd3 g6 33. Rg4 Rd7 34. Rf4 Bd8
35. Bd2 Kg8 36. Bc3 Ne6 37. Rg4 Nc7 38. Bb2 Be7 39. Qc3 1-0

[Event "7. LGA Premium Cup"]
[Site "Nürnberg"]
[Date "2010.09.05"]
[Round "6.79"]
[White "Süß, Stefan"]
[Black "Weissbeck, Wolf-Dieter"]
[Result "0-1"]
[WhiteElo "1992"]
[BlackElo "1708"]
[PlyCount "60"]
[EventDate "2010.09.02"]
[WhiteTeam "SC Noris-Tarrasch Nürnberg 1873"]
[BlackTeam "SV Alsfeld"]

1. e4 e6 2. d4 d5 3. Nc3 Nf6 4. Bg5 Be7 5. e5 Nfd7 6. h4 h6 7. Be3 c5 8. Nf3
Nc6 9. Bb5 Qb6 10. Qd2 a6 11. Bxc6 Qxc6 12. O-O-O b6 13. Rh3 c4 14. Rg3 Bf8 15.
Ng1 b5 16. Nb1 b4 17. c3 a5 18. Rf1 Qa4 19. a3 Rb8 20. axb4 axb4 21. Ne2 b3 22.
Kd1 Qa1 23. Qc1 Ra8 24. Nd2 Ra2 25. Qxa1 Rxa1+ 26. Nc1 Nb6 27. Ke2 Na4 28.
Ndxb3 cxb3 29. Nd3 Rxf1 30. Kxf1 Ba6 0-1

[Event "7. LGA Premium Cup"]
[Site "Nürnberg"]
[Date "2010.09.05"]
[Round "6.81"]
[White "Strobl, Helmut"]
[Black "Hartmann, Thomas"]
[Result "0-1"]
[WhiteElo "1789"]
[BlackElo "1986"]
[PlyCount "110"]
[EventDate "2010.09.02"]
[WhiteTeam "SK Mering"]
[BlackTeam "SC Weisse Dame Ulm e.V."]

1. c4 Nf6 2. g3 c5 3. Bg2 Nc6 4. Nc3 e6 5. e4 d6 6. Nge2 Nd4 7. Nxd4 cxd4 8.
Ne2 e5 9. d3 Be7 10. O-O O-O 11. h3 a5 12. a4 Nd7 13. f4 Nc5 14. Qc2 Qb6 15.
Ra3 Bd7 16. g4 Bh4 17. f5 f6 18. Kh2 Kf7 19. Ng1 h6 20. Bf3 Rh8 21. Bd1 Ke7 22.
Nf3 Bg5 23. h4 Bxc1 24. Qxc1 Rag8 25. h5 Ra8 26. Qd2 Qb4 27. Qc2 Ra6 28. Rf2
Rb6 29. Qd2 Ra8 30. Qxb4 axb4 31. Ra1 Nxd3 32. Rd2 Nc5 33. b3 Nxe4 34. Re2 Nc3
35. Re1 Kf7 36. Nd2 Bc6 37. Bc2 Rd8 38. Bd3 Ra6 39. c5 Raa8 40. cxd6 Rxd6 41.
Nc4 Rdd8 42. Nb6 Rab8 43. a5 Bb5 44. Bxb5 Nxb5 45. Ra4 d3 46. Rd1 Nc3 47. Rd2
Nxa4 48. Nxa4 Ra8 49. Nc5 Rxa5 50. Nxb7 Rad5 51. Nxd8+ Rxd8 52. Kg3 Rc8 53. Kf2
Rc2 54. Ke3 Rxd2 55. Kxd2 e4 0-1

[Event "7. LGA Premium Cup"]
[Site "Nürnberg"]
[Date "2010.09.05"]
[Round "6.82"]
[White "Schlötterer, Hermann"]
[Black "Anicic, Dragan"]
[Result "1-0"]
[WhiteElo "1980"]
[BlackElo "1468"]
[PlyCount "109"]
[EventDate "2010.09.02"]
[WhiteTeam "SC Noris-Tarrasch Nürnberg 1873"]
[BlackTeam "SC Noris-Tarrasch Nürnberg 1873"]

1. d4 d5 2. g3 Nf6 3. Bg2 c6 4. Nf3 Bg4 5. O-O e6 6. Ne5 Bh5 7. h3 Nbd7 8. g4
Bg6 9. Nxg6 hxg6 10. Bf4 Nb6 11. b3 Bd6 12. Bg5 Qc7 13. f3 O-O-O 14. a4 Bh2+
15. Kh1 Rxh3 16. Bxh3 Rh8 17. f4 Ne4 18. Rf3 Rxh3 19. Rxh3 Nf2+ 20. Kxh2 Nxd1
21. Rh8+ Kd7 22. Rd8+ Qxd8 23. Bxd8 Kxd8 24. Na3 Nc3 25. e3 Nc8 26. Kg2 Nd6 27.
Rh1 Kc7 28. Nb1 Nce4 29. Rc1 b5 30. axb5 cxb5 31. Kf3 f5 32. g5 a5 33. Rh1 Kd7
34. Rh8 Ne8 35. Ke2 a4 36. bxa4 bxa4 37. Na3 N4d6 38. Rh1 Nc7 39. Rb1 Nc4 40.
Nxc4 dxc4 41. Rb4 a3 42. Rxc4 Nd5 43. Kd2 a2 44. Ra4 Nb4 45. c3 Nc6 46. Rxa2
Kd6 47. Kd3 Kd7 48. Ra4 Kc7 49. c4 Kd7 50. Kc3 Kc7 51. d5 exd5 52. cxd5 Ne7 53.
Kd4 Kd6 54. Ra6+ Kd7 55. Ke5 1-0

[Event "7. LGA Premium Cup"]
[Site "Nürnberg"]
[Date "2010.09.05"]
[Round "6.83"]
[White "Beesk, Kevin"]
[Black "Adelhütte, Dennis"]
[Result "1-0"]
[WhiteElo "1547"]
[BlackElo "1942"]
[PlyCount "73"]
[EventDate "2010.09.02"]
[WhiteTeam "SK Neumarkt e.V."]
[BlackTeam "SC Erlangen 48/88"]

1. Nc3 d5 2. e4 d4 3. Nce2 e5 4. Ng3 Nf6 5. Bc4 h5 6. Nf3 Bg4 7. Nxe5 Qe7 8.
Nxg4 hxg4 9. d3 g6 10. Qe2 Nbd7 11. a3 O-O-O 12. Bd2 Ne5 13. Bb3 Bh6 14. Bxh6
Rxh6 15. f4 gxf3 16. gxf3 Rdh8 17. O-O-O Qd7 18. Rdf1 Rh3 19. Kb1 R8h4 20. Ka1
Rf4 21. Rf2 Qd8 22. Rg1 Nh7 23. Rgf1 Qh4 24. Ba4 c6 25. c3 dxc3 26. d4 cxb2+
27. Kxb2 Nd7 28. Bxc6 bxc6 29. Qa6+ Kd8 30. Qxc6 Rxh2 31. Qa8+ Ke7 32. Qb7 Qxg3
33. Qb4+ Ke8 34. Rxh2 Qxh2+ 35. Kb1 Rf6 36. Rc1 Rb6 37. Rc8# 1-0

[Event "7. LGA Premium Cup"]
[Site "Nürnberg"]
[Date "2010.09.05"]
[Round "6.84"]
[White "Rösch, Mario"]
[Black "Thürauf, Peter"]
[Result "1/2-1/2"]
[WhiteElo "1775"]
[BlackElo "1920"]
[PlyCount "30"]
[EventDate "2010.09.02"]
[WhiteTeam "SK Freiburg Zähringen 1887 e.V."]
[BlackTeam "SW Nürnberg Süd e.V."]

1. e4 c5 2. Nf3 Nc6 3. Bb5 g6 4. Bxc6 dxc6 5. d3 Bg7 6. Nc3 Nf6 7. h3 O-O 8.
Be3 b6 9. Qd2 Re8 10. Bh6 Bh8 11. Ng5 Qd4 12. O-O-O a5 13. g4 a4 14. Ne2 Qd8
15. a3 b5 1/2-1/2

[Event "7. LGA Premium Cup"]
[Site "Nürnberg"]
[Date "2010.09.05"]
[Round "6.85"]
[White "Wittenbrock, Frank"]
[Black "Krawczyk, Harald"]
[Result "1-0"]
[WhiteElo "1937"]
[BlackElo "1723"]
[PlyCount "65"]
[EventDate "2010.09.02"]
[WhiteTeam "Schachklub Halle 1946 e.V."]
[BlackTeam "SV Rot-Weiß Neuenhagen"]

1. d4 d5 2. Nf3 Nf6 3. c4 c6 4. Nc3 e6 5. Bg5 Nbd7 6. e3 Be7 7. Rc1 h6 8. Bh4
O-O 9. Bd3 dxc4 10. Bxc4 Nd5 11. Bg3 N7f6 12. O-O Nxc3 13. bxc3 b6 14. Re1 Ne4
15. Be5 Bb7 16. Nd2 Nf6 17. Qf3 Kh8 18. e4 Rg8 19. Qh3 Qf8 20. g4 Nh7 21. Nf3
Bf6 22. Bf4 Be7 23. g5 Bc8 24. e5 Bd7 25. Kf1 Rd8 26. Bd3 c5 27. Ke2 cxd4 28.
cxd4 Rc8 29. Rxc8 Bxc8 30. Rg1 Bb7 31. Nh4 h5 32. g6 fxg6 33. Nxg6# 1-0

[Event "7. LGA Premium Cup"]
[Site "Nürnberg"]
[Date "2010.09.05"]
[Round "6.86"]
[White "Myagkov, Kirill"]
[Black "Bilchinski, Anton"]
[Result "1/2-1/2"]
[WhiteElo "1795"]
[BlackElo "1713"]
[PlyCount "46"]
[EventDate "2010.09.02"]
[WhiteTeam "SC Noris-Tarrasch Nürnberg 1873"]
[BlackTeam "SK 1908 Göggingen"]

1. e4 e5 2. Nf3 d6 3. d4 exd4 4. Nxd4 Nf6 5. Bg5 Be7 6. f3 O-O 7. Bc4 c6 8. Nc3
b5 9. Be2 a6 10. Qd2 Re8 11. a4 b4 12. Nd1 c5 13. Nb3 Be6 14. Nf2 Qc7 15. Rd1
Rd8 16. Bf4 Ra7 17. O-O Ne8 18. Qe3 Nd7 19. Bg5 f6 20. Bf4 Bf7 21. Nd2 Ne5 22.
Bxe5 dxe5 23. Bc4 Bd6 1/2-1/2

[Event "7. LGA Premium Cup"]
[Site "Nürnberg"]
[Date "2010.09.05"]
[Round "6.87"]
[White "Hirschberg, Leander"]
[Black "Schweisgut, Jens"]
[Result "1/2-1/2"]
[WhiteElo "1705"]
[BlackElo "1790"]
[PlyCount "43"]
[EventDate "2010.09.02"]
[WhiteTeam "SV Pfinztal e. V."]
[BlackTeam "SV Alsfeld"]

1. e4 d5 2. exd5 Nf6 3. Bc4 Nxd5 4. Nf3 Nb6 5. Bb3 Bf5 6. Nc3 e6 7. d3 Be7 8.
O-O Nc6 9. Bf4 a6 10. Qd2 O-O 11. Rad1 Na5 12. d4 Nxb3 13. axb3 Rc8 14. Rfe1
Bb4 15. Qc1 Nd5 16. Bd2 c5 17. Nxd5 Qxd5 18. c4 Qd8 19. Bxb4 cxb4 20. d5 exd5
21. Rxd5 Qxd5 22. cxd5 1/2-1/2

[Event "7. LGA Premium Cup"]
[Site "Nürnberg"]
[Date "2010.09.05"]
[Round "6.88"]
[White "Kurz, Leonhard"]
[Black "Babichev, Vyacheslav"]
[Result "0-1"]
[WhiteElo "1599"]
[BlackElo "1785"]
[PlyCount "66"]
[EventDate "2010.09.02"]
[WhiteTeam "SK Nürnberg 1911 e.V."]
[BlackTeam "SW Nürnberg Süd e.V."]

1. e4 d6 2. d4 Nf6 3. Nc3 g6 4. f3 Bg7 5. Be3 O-O 6. Qd2 Nc6 7. O-O-O a6 8. Bh6
Bxh6 9. Qxh6 e5 10. Nge2 exd4 11. Nxd4 Ne5 12. Be2 Kh8 13. Nd5 Ng8 14. Qe3 c6
15. Nf4 Qb6 16. Qd2 Rd8 17. h4 c5 18. Nd5 Qa7 19. Nb3 Be6 20. Nc7 Rac8 21. Nxe6
fxe6 22. f4 c4 23. Nd4 c3 24. Qe1 cxb2+ 25. Kb1 Qc5 26. Qd2 Nc4 27. Bxc4 Qxc4
28. h5 gxh5 29. Rxh5 Nf6 30. Rh6 Nxe4 31. Qd3 Nc3+ 32. Kxb2 Qxa2+ 33. Kc1 Qb1+
0-1

[Event "7. LGA Premium Cup"]
[Site "Nürnberg"]
[Date "2010.09.05"]
[Round "6.89"]
[White "Heinz, Friedrich"]
[Black "Belich, Maxim"]
[Result "1-0"]
[WhiteElo "1768"]
[BlackElo "1591"]
[PlyCount "59"]
[EventDate "2010.09.02"]
[WhiteTeam "SV Alsfeld"]
[BlackTeam "SW Nürnberg Süd e.V."]

1. Nf3 b6 2. e4 Bb7 3. Nc3 e6 4. d4 Bb4 5. Bd3 Nf6 6. Qe2 Bxc3+ 7. bxc3 d6 8.
Bg5 h6 9. Bh4 g5 10. Bg3 Nh5 11. Qe3 Nxg3 12. hxg3 f6 13. e5 dxe5 14. dxe5 Bxf3
15. Qxf3 Nd7 16. exf6 Kf7 17. Qh5+ Kf8 18. O-O Qxf6 19. Rae1 Kg7 20. f4 Qf7 21.
Qg4 Nf6 22. Qe2 Rhf8 23. fxg5 hxg5 24. Qe5 Rg8 25. Qxg5+ Kf8 26. Qh6+ Ke7 27.
Bc4 Rxg3 28. Rxe6+ Kd7 29. Rd1+ Kc8 30. Ba6+ 1-0

[Event "7. LGA Premium Cup"]
[Site "Nürnberg"]
[Date "2010.09.05"]
[Round "6.92"]
[White "Zeug, Klaus-Peter"]
[Black "Münzenberg, Dietrich"]
[Result "1-0"]
[WhiteElo "1440"]
[BlackElo "1604"]
[PlyCount "82"]
[EventDate "2010.09.02"]
[WhiteTeam "SK Nürnberg 1911 e.V."]
[BlackTeam "Spvg Zabo-Eintracht Nürnberg e.V"]

1. e4 c6 2. d4 d5 3. exd5 cxd5 4. Bd3 Nc6 5. c3 Nf6 6. Nf3 Bg4 7. O-O e6 8. Re1
Bd6 9. Bg5 h6 10. Bh4 g5 11. Bg3 Qc7 12. Bxd6 Qxd6 13. Nbd2 O-O-O 14. Bb5 Ne7
15. Qe2 Ng6 16. a4 Nh5 17. g3 Ng7 18. Bd3 f5 19. Qf1 Nf8 20. Ne5 Bh5 21. Be2
Be8 22. Bb5 Nd7 23. Bxd7+ Bxd7 24. Nf7 Qe7 25. Nxh8 Rxh8 26. c4 Bc6 27. c5 g4
28. b4 h5 29. b5 Be8 30. a5 h4 31. Rac1 hxg3 32. fxg3 Qg5 33. Qe2 Qh6 34. Nf1
f4 35. Rc2 f3 36. Qf2 Bxb5 37. Ne3 Qg6 38. Rec1 Bc6 39. Rb2 a6 40. Nc2 Nf5 41.
Nb4 Qg5 1-0

[Event "7. LGA Premium Cup"]
[Site "Nürnberg"]
[Date "2010.09.05"]
[Round "6.93"]
[White "Ratscheu, Stefan"]
[Black "Dreiseitel, Werner"]
[Result "0-1"]
[WhiteElo "1307"]
[BlackElo "1487"]
[PlyCount "70"]
[EventDate "2010.09.02"]
[WhiteTeam "SC Postbauer-Heng e.V"]
[BlackTeam "SC Noris-Tarrasch Nürnberg 1873"]

1. c4 c5 2. Nc3 Nc6 3. g3 g6 4. Bg2 Bg7 5. Nf3 Nf6 6. O-O O-O 7. d3 e5 8. e4 a6
9. a4 d6 10. Be3 Ng4 11. Bg5 f6 12. Bd2 f5 13. Bg5 Nf6 14. Qc1 Nd4 15. Nxd4
cxd4 16. Nd5 Be6 17. f4 h6 18. Nxf6+ Bxf6 19. Bxh6 Rf7 20. Bg5 Rc8 21. Qd2 Bxg5
22. fxg5 Qd7 23. h4 Rcf8 24. Bf3 f4 25. Qh2 Bg4 26. gxf4 Rxf4 27. Bg2 Be2 28.
Rxf4 Rxf4 29. Bh3 Bg4 30. Bg2 Qf7 31. Bh3 Bxh3 32. Qxh3 Rf3 33. Qg2 Qf4 34. Rf1
Qe3+ 35. Rf2 Rg3 0-1